APPLIED NUMERICAL ANALYSIS (Record no. 16111)

MARC details
000 -LEADER
fixed length control field 00336nam a22001577a 4500
003 - CONTROL NUMBER IDENTIFIER
control field SGT
020 ## - INTERNATIONAL STANDARD BOOK NUMBER
International Standard Book Number 978-81-317-1740-0
082 ## - DEWEY DECIMAL CLASSIFICATION NUMBER
Classification number 615.19
Item number A17G
100 ## - MAIN ENTRY--PERSONAL NAME
Personal name GERALD,CURTIS,F.
245 ## - TITLE STATEMENT
Title APPLIED NUMERICAL ANALYSIS
250 ## - EDITION STATEMENT
Edition statement 7TH
260 ## - PUBLICATION, DISTRIBUTION, ETC. (IMPRINT)
Place of publication, distribution, etc NOIDA
Name of publisher, distributor, etc PEARSON
Year of Publication 2017
300 ## - PAGE DESCRIPTION
No. of Pages 609
650 ## - SUBJECT ADDED ENTRY--TOPICAL TERM
Topical term or geographic name as entry element PHARMACY
942 ## - ADDED ENTRY ELEMENTS (KOHA)
Source of classification or shelving scheme Dewey Decimal Classification
Koha item type Books
Holdings
Withdrawn status Lost status Source of classification or shelving scheme Damaged status Use restrictions Not for loan Collection code Home library Current library Shelving location Date acquired Vendor Name Cost, normal purchase price SGTU Bill Number Full call number Accession No. (Barcode) Date last seen Bill Date Koha item type
    Dewey Decimal Classification   Restricted Access   PHARMACY SGT FA-FP Library SGT FA-FP Library Reference Book 03/10/2018 AHUJA PUB 819.00 SGTU 10165 615.19 A17G FP3058 03/10/2018 25/09/2018 Books
    Dewey Decimal Classification   Restricted Access   PHARMACY SGT FA-FP Library SGT FA-FP Library Reference Book 03/10/2018 AHUJA PUB 819.00 SGTU 10165 615.19 A17G FP3059 03/10/2018 25/09/2018 Books